Statistiques concernant Villes de plus de 100 000 habitants au Bangladesh sur une carte

Cliquez ici pour prendre le quiz!

Statistiques générales

  • Ce quiz a été pris 13 fois
  • Le résultat moyen est 11 sur 36

Réponses sur la Carte

Les réponses sont colorées sur une échelle allant du rouge au vert en fonction du pourcentage des utilisateurs qui les ont devinées à leur premier essai. Vous pouvez retrouver ces pourcentages ci-dessous.
 

Statistiques - réponses

VillePopulation (2011)% Correct
Dacca10,278,882 (2022)
100%
Chittagong3,227,246 (2022)
92%
Khulnâ718,735 (2022)
38%
Barisal328,278
31%
Bhairab118,992
31%
Bogra400,983
31%
Comilla326,386
31%
Cox's Bazar167,477
31%
Dinajpur186,727
31%
Feni156,971
31%
Gazipur2,674,697 (2022)
31%
Jamalpur142,764
31%
Jessore201,796
31%
Kushtia102,988
31%
Narayanganj967,724 (2022)
31%
Nawabganj180,731
31%
Râjshâhî552,791 (2022)
31%
Rangpur708,384 (2022)
31%
Sabhar286,008
31%
Satkhira113,322
31%
Sirajganj158,913
31%
Sylhet532,426 (2022)
31%
Tangail167,412
31%
Brahmanbaria172,017
23%
Chandpur159,021
23%
Mymensingh576,722 (2022)
23%
Naogaon150,549
23%
Noakhali107,654
23%
Pabna144,442
23%
Saidpur123,712
23%
Faridpur121,632
15%
Jhenaidah107,834
15%
Kishoreganj103,798
15%
Narsingdi146,115
15%
Tarabo150,709
15%
Kaliakair157,162
8%

Distribution des résultats

Percentile par nombre de réponses

% des personnes avec chaque résultat

Votre développement - résultats

Vous n’avez pas pris ce quiz